Statistics for Geography by Picture - F

Click here to take the quiz!

General Stats

  • This quiz has been taken 13,859 times
    (13,802 since last reset)
  • The average score is 11 of 18

Answer Stats

Answer % Correct
France
100%
Florida
98%
Finland
90%
Fuji
85%
Fjord
81%
Florence
80%
Fiji
75%
{Forbidden} City
74%
Falkland Islands
68%
Faroe Islands
64%
Favela
54%
Filipino
48%
{Fertile} Crescent
48%
Flanders
45%
Fault
42%
Frankfurt
35%
Fez
25%
Fukuoka
19%

Score Distribution

Percentile by Number Answered

Percent of People with Each Score

Your Score History

You have not taken this quiz since the last reset